Introduction to Plant Biotechnology (Record no. 14717)
[ view plain ]
| 000 -LEADER | |
|---|---|
| fixed length control field | 00330nam a22001337a 4500 |
| 020 ## - INTERNATIONAL STANDARD BOOK NUMBER | |
| ISBN | 978120417328 |
| 082 ## - DEWEY DECIMAL CLASSIFICATION NUMBER | |
| Classification number | 574.187 |
| Item number | CHA/IN |
| 100 ## - MAIN ENTRY--AUTHOR NAME | |
| Personal name | Chawla H.S. |
| 245 ## - TITLE STATEMENT | |
| Title | Introduction to Plant Biotechnology |
| 250 ## - EDITION STATEMENT | |
| Edition statement | 3 |
| 260 ## - PUBLICATION, DISTRIBUTION, ETC. (IMPRINT) | |
| Place of publication | New Delhi |
| Name of publisher | Oxford & IBH Publishing Co. Pvt. Ltd |
| Year of publication | 2012 |
| 300 ## - PHYSICAL DESCRIPTION | |
| Number of Pages | 698 |
| 942 ## - ADDED ENTRY ELEMENTS (KOHA) | |
| Koha item type | Book Bank scheme for SC students |
| Withdrawn status | Lost status | Damaged status | Collection code | Home library | Current library | Shelving location | Date acquired | Source of acquisition | Cost, normal purchase price | Full call number | Accession Number | Koha item type |
|---|---|---|---|---|---|---|---|---|---|---|---|---|
| KAUAET | KAUAET | Scheme | 22/08/2016 | Dream Tech, Trivandrum. | 395.00 | 574.187 CHA/IN | BB 285 | Book Bank scheme for SC students |
